Κατάλογος Βιβλιοθηκών Mediterranean College

Fundamentals of Financial Management / Twelfth Edition (Record no. 6067)

MARC details
000 -LEADER
fixed length control field 01700cam a22002174a 4500
005 - ΗΜΕΡΟΜΗΝΙΑ ΚΑΙ ΩΡΑ ΤΕΛΕΥΤΑΙΑΣ ΕΝΗΜΕΡΩΣΗΣ
Πεδίο ελέγχου 20250605164232.0
008 - FIXED-LENGTH DATA ELEMENTS--GENERAL INFORMATION
Πεδίο ελέγχου σταθερού μήκους 250528s ||||||||||||||||||||||||d
035 ## - SYSTEM CONTROL NUMBER
System control number 20990
020 ## - ISBN
ISBN 9780324597707
040 ## - ΠΗΓΗ ΚΑΤΑΛΟΓΟΓΡΑΦΗΣΗΣ
Φορέας πρωτότυπης καταλογογράφησης MC Athens Campus Library
Γλώσσα καταλογογράφησης Ελληνικά, Μοντέρνα (1453-)
Modifying agency MC Athens Campus Library
Κανόνες περιγραφικής καταλογογράφησης AACR2
245 1# - ΤΙΤΛΟΣ ΚΑΙ ΔΗΛΩΣΗ ΥΠΕΥΘΥΝΟΤΗΤΑΣ
Τίτλος Fundamentals of Financial Management / Twelfth Edition
250 ## - EDITION STATEMENT
Edition statement 12th
260 ## - PUBLICATION, DISTRIBUTION, ETC.
Name of publisher, distributor, etc. South-Western - Cengage Learning,
Date of publication, distribution, etc. 2009
300 ## - PHYSICAL DESCRIPTION
Extent 730
520 ## - SUMMARY, ETC.
Summary, etc. This book allows to access financials, earnings estimates, market data and Excel worksheets from thousands of domestic and international companies. Preface, Introduction to Financial Management, An Overview of Financial Management, Fundamental Concepts in Financial Management, Financial Markets and Institutions, Financial Statements and Cash Flow and Taxes, Analysis of Financial Statements, Time Value of Money, Financial Assets, Interest Rates, Bonds and Their Valuation, Risk and Rates of Return, Stocks and Their Valuation, Investing in Long-Term Assets: Capital Budgeting, The Cost of Capital, The Basics of Capital Budgeting, Cash Flow Estimation and Risk Analysis, Real Options and Other Topics in Capital budgeting, Capital Structure and Dividend Policy, Capital Structure and Leverage, Distributions to Shareholders: Dividends and Share Purchases, Working Capital Management and Financial Forecasting, Working Capital Management, Financial Planning and Forecasting, Special Topics in Financial Management, Derivatives and Risk Management, Multinational Financial Management, Mergers and Acquisitions, Appendixes, Index.
700 1# - ΠΡΟΣΘΕΤΗ ΑΝΑΓΡΑΦΗ--ΦΥΣΙΚΟ ΠΡΟΣΩΠΟ
Personal name Brigham Eugene F
9 (RLIN) 1101
700 1# - ΠΡΟΣΘΕΤΗ ΑΝΑΓΡΑΦΗ--ΦΥΣΙΚΟ ΠΡΟΣΩΠΟ
Personal name Houston Joel F
9 (RLIN) 7002
942 ## - ADDED ENTRY ELEMENTS (KOHA)
Koha item type Books
Holdings
Τύπος τεκμηρίου Βιβλιοθήκη Τρέχουσα τοποθεσία Barcode Αριθμός εισαγωγής Ημερομηνία απόκτησης Ταξιθετικό σύμβολο Αριθμός αντιτύπου Κατάσταση απόσυρσης Κατάσταση χαμένου Κατάσταση κατεστραμμένου Μη δανεισμός Σύνολο δανεισμών Ημερομηνία τελευταίας εμφάνισης Η τιμή ισχύει από
Books MC Athens Campus Library MC Athens Campus Library 9780000060662 6753 05/06/2025 REF 658.150973 BRI 1           05/06/2025 05/06/2025

MC Athens Campus Library
Πατησίων 94 & Κοδριγκτώνος 13, 104 34
Πελλήνης 8 & Πατησίων 107, 112 51
Τ: +30 210 8899600

MC Thessaloniki Campus Library
Ίωνος Δραγούμη 21, 54625 | Ίωνος Δραγούμη 15, 54625
Τ: +30 2310 287779 – Τ: +30 2314 440300